Celtic dialects: Gaelic, Brythonic, Pictish, and some Stirlingshire place-names: paper read before the Gaelic Society of Stirling, March 31st, 1903
| Main Author: | |
|---|---|
| Corporate Author: | |
| Format: | Electronic Book |
| Language: | English |
| Check availability: | HBZ Gateway |
| Interlibrary Loan: | Interlibrary Loan for the Fachinformationsdienste (Specialized Information Services in Germany) |
| Published: |
Stirling
E. Mackay
1903
|
| In: | Year: 1903 |
| Further subjects: | B
Picts
B Names, Geographical Celtic B Gaelic language B Celtic languages B Names, Geographical (Scotland) (Stirlingshire) B Language and literature |
| Online Access: |
Volltext (kostenfrei) |
| Sammlungen: |
MARC
| LEADER | 00000cam a22000002c 4500 | ||
|---|---|---|---|
| 001 | 189290991X | ||
| 003 | DE-627 | ||
| 005 | 20241228054947.0 | ||
| 007 | cr uuu---uuuuu | ||
| 008 | 240701s1903 xx |||||o 00| ||eng c | ||
| 035 | |a (DE-627)189290991X | ||
| 035 | |a (DE-599)KXP189290991X | ||
| 035 | |a (PRTC)celticdialectsga00tdmtuoft | ||
| 040 | |a DE-627 |b ger |c DE-627 |e rda | ||
| 041 | |a eng | ||
| 050 | 0 | |a PB 1014 | |
| 084 | |a 1 |2 ssgn | ||
| 100 | 0 | |a T. D. M. |d 1864- |e VerfasserIn |4 aut | |
| 245 | 1 | 0 | |a Celtic dialects: Gaelic, Brythonic, Pictish, and some Stirlingshire place-names |b paper read before the Gaelic Society of Stirling, March 31st, 1903 |c by T.D. MacDonald |
| 264 | 1 | |a Stirling |b E. Mackay |c 1903 | |
| 300 | |a 1 Online-Ressource (46 p.) | ||
| 336 | |a Text |b txt |2 rdacontent | ||
| 337 | |a Computermedien |b c |2 rdamedia | ||
| 338 | |a Online-Ressource |b cr |2 rdacarrier | ||
| 650 | 0 | |a Gaelic language | |
| 650 | 0 | |a Celtic languages | |
| 650 | 0 | |a Picts | |
| 650 | 0 | |a Names, Geographical |x Celtic | |
| 650 | 0 | |a Names, Geographical |z Scotland |z Stirlingshire | |
| 655 | 0 | |a Language and literature | |
| 710 | 2 | |a University of Toronto |e MitwirkendeR |4 ctb | |
| 856 | 4 | 0 | |u https://commons.ptsem.edu/id/celticdialectsga00tdmtuoft |m X:PRTC |x Digitalisierung |z kostenfrei |7 0 |
| 935 | |a PRTC |a mteo | ||
| 951 | |a BO | ||
| ELC | |a 1 | ||
| LOK | |0 000 xxxxxcx a22 zn 4500 | ||
| LOK | |0 001 4544762200 | ||
| LOK | |0 003 DE-627 | ||
| LOK | |0 004 189290991X | ||
| LOK | |0 005 20240701180545 | ||
| LOK | |0 008 240701||||||||||||||||ger||||||| | ||
| LOK | |0 035 |a (DE-Tue135)celticdialectsga00tdmtuoft | ||
| LOK | |0 040 |a DE-Tue135 |c DE-627 |d DE-Tue135 | ||
| LOK | |0 092 |o n | ||
| LOK | |0 689 |a f |a Book | ||
| LOK | |0 852 |a DE-Tue135 | ||
| LOK | |0 852 1 |9 00 | ||
| LOK | |0 866 |x SPQUE#Theological Commons Princeton | ||
| LOK | |0 935 |a PRTC | ||
| LOK | |0 939 |a 01-07-24 |b l01 | ||
| OAS | |a 1 | ||
| ORI | |a SA-MARC-ixtheoa001.raw | ||